Improving employee performance : Effective training strategies and techniques

Αποθηκεύτηκε σε:
Λεπτομέρειες βιβλιογραφικής εγγραφής
Κύριος συγγραφέας: Zaccarelli, Herman E.
Μορφή: Βιβλίο
Γλώσσα:English
Δημοσίευση: London : Kogan Page Ltd, 1988
Θέματα:
Ετικέτες: Προσθήκη ετικέτας
Δεν υπάρχουν, Καταχωρήστε ετικέτα πρώτοι!

MARC

LEADER 00000nam a2200000 i 4500
001 1/61213
008 980609s1988 eng d
020 |a 0749406100 
035 |l 10028854 
040 |a GR-MY-UA  |b gre  |e aacr 
041 0 |a eng 
082 0 |a 658.3125 
100 1 |a Zaccarelli, Herman E. 
245 1 0 |a Improving employee performance :  |b Effective training strategies and techniques /  |c Herman E. Zaccarelli 
260 |a London :   |b Kogan Page Ltd,   |c 1988 
300 |a 74 p.  
650 0 0 |a Personnel management. 
650 0 0 |a Performance  |x Evaluation. 
852 |a INST  |b CHIOS  |e 19980609  |h 658.3125 ZAC  |p 005200016299  |q 005200016299  |t BK  |y 0 
901 |a BIBL-1998-2 
909 |a Χ  |b 056968 
922 |a 2ΕΛΗ  |b 199805  |c ΤΔΕ  |d ΠΑΠΑΣΩΤΗΡΙΟΥ